[Event "Reykjavik Open"]
[Site "Reykjavik ISL"]
[Date "2012.03.09"]
[Round "4.5"]
[White "Hess, Robert L"]
[Black "Danielsen, Henrik"]
[Result "1-0"]
[WhiteTitle "GM"]
[BlackTitle "GM"]
[WhiteElo "2635"]
[BlackElo "2504"]
[WhiteFideId "2022036"]
[BlackFideId "1400185"]
[EventDate "2012.03.06"]

1. e4 e6 2. d4 d5 3. Nc3 Nf6 4. Bg5 dxe4 5. Nxe4 Nbd7 6. Nf3 h6 7. Nxf6+ Nxf6 8.
Bxf6 Qxf6 9. Bd3 Bd7 10. Be4 Bd6 11. Qe2 O-O 12. O-O-O Rab8 13. Kb1 Rfd8 14. h4
Bc6 15. Rhe1 Bxe4 16. Qxe4 c6 17. Rd3 Bc7 18. c4 Qf4 19. Qxf4 Bxf4 20. Ra3 Bc7
21. Re4 Ra8 22. Kc2 h5 23. Ree3 Bd6 24. Ra5 g6 25. Rb3 Rd7 26. c5 Be7 27. Kd3
Bf6 28. Ke4 Kf8 29. Ra4 Ke8 30. g3 Kd8 31. Rab4 Rb8 32. Ra3 Ra8 33. Nd2 Kc7 34.
f4 Bg7 35. Nf3 f6 36. Re3 b5 37. Kd3 a5 38. Rb3 a4 39. Rc3 Re8 40. Rc2 Rd5 41.
Rg2 Bf8 42. Kc2 Rf5 43. Rge2 Kd7 44. b3 axb3+ 45. axb3 Rd5 46. b4 Bg7 47. Ra3
Ke7 48. Ra6 Rc8 49. Kb3 Rc7 50. Ra1 Kf7 51. Ra8 Ke7 52. Rea2 Rd8 53. Rxd8 Kxd8
54. d5 exd5 55. Nd4 Kd7 56. f5 gxf5 57. Nxf5 Ke6 58. Nd4+ Kd7 59. Re2 Bf8 60.
Rf2 Be7 61. Rf5 Rc8 62. Rxh5 Rg8 63. Nf5 Ke6 64. Kc3 Rg4 65. Nd4+ Kd7 66. Rh7
Rxg3+ 67. Kd2 Rg4 68. Nf5 Re4 69. h5 Re5 70. Nh4 Ke8 71. Ng6 Re4 72. h6 Bd8 73.
Rg7 f5 74. h7 Bg5+ 75. Kd1 1-0

[Event "Reykjavik Open"]
[Site "Reykjavik ISL"]
[Date "2012.03.09"]
[Round "4.7"]
[White "Coleman, Teddy"]
[Black "Baklan, Vladimir"]
[Result "1/2-1/2"]
[WhiteTitle "FM"]
[BlackTitle "GM"]
[WhiteElo "2356"]
[BlackElo "2612"]
[WhiteFideId "2022010"]
[BlackFideId "14102196"]
[EventDate "2012.03.06"]

1. d4 g6 2. c4 Bg7 3. e4 c5 4. d5 d6 5. Nc3 a6 6. a4 e6 7. Nge2 exd5 8. cxd5 Nd7
9. Ng3 h5 10. Be2 Nh6 11. f3 h4 12. Nf1 f5 13. Be3 fxe4 14. Nxe4 Nf5 15. Bf4 O-O
16. Ne3 Nf6 17. Nc4 Nxe4 18. fxe4 g5 19. Bc1 Nd4 20. Rf1 Rxf1+ 21. Kxf1 Qe7 22.
Bd3 h3 23. Be3 Bd7 24. Qh5 Rf8+ 25. Kg1 hxg2 26. Kxg2 Nf3 27. Rf1 Nh4+ 28. Kg1
Rxf1+ 29. Kxf1 b5 30. Bxg5 Qf8+ 31. Ke2 bxc4 32. Bxc4 Nf5 33. exf5 Qxf5 34. Bd3
Qe5+ 35. Kf1 Bf5 36. Bxa6 Qe4 37. Qh4 Qb1+ 38. Ke2 Qxb2+ 39. Bd2 Qe5+ 40. Kd1
Bg6 41. Be2 Qa1+ 42. Bc1 Qc3 43. Qd8+ Kh7 44. Qh4+ Kg8 45. Qd8+ Kh7 1/2-1/2

[Event "Reykjavik Open"]
[Site "Reykjavik ISL"]
[Date "2012.03.09"]
[Round "4.8"]
[White "Kryvoruchko, Yuriy"]
[Black "Ziska, Helgi Dam"]
[Result "1/2-1/2"]
[WhiteTitle "GM"]
[BlackTitle "IM"]
[WhiteElo "2666"]
[BlackElo "2456"]
[WhiteFideId "14109182"]
[BlackFideId "7200595"]
[EventDate "2012.03.06"]

1. e4 c5 2. Nf3 d6 3. d4 cxd4 4. Nxd4 Nf6 5. Nc3 a6 6. Be3 e6 7. g4 e5 8. Nf5 h5
9. g5 Nxe4 10. Nxg7+ Bxg7 11. Nxe4 d5 12. Ng3 d4 13. Bd2 Nc6 14. Bd3 Bg4 15. f3
Be6 16. Qe2 h4 17. Ne4 Qd5 18. Bc4 Qd7 19. Nc5 Bxc4 20. Qxc4 b5 21. Nxd7 bxc4
22. Nb6 Rd8 23. Nxc4 f5 24. gxf6 Bxf6 25. O-O h3 26. Rae1 Kd7 27. f4 Rdf8 28.
Rf3 Rfg8+ 29. Kf1 Rh5 30. fxe5 Nxe5 31. Rxf6 Nxc4 32. Bf4 Rg2 33. Re2 Ne3+ 34.
Bxe3 dxe3 35. Rf7+ Kd8 36. Rxe3 Rxh2 37. Rg3 Ke8 38. Rc7 Kf8 39. Rd3 Ke8 40. Rg3
Kf8 41. Rf3+ Ke8 42. Rg3 Kf8 1/2-1/2

[Event "Reykjavik Open"]
[Site "Reykjavik ISL"]
[Date "2012.03.09"]
[Round "4.9"]
[White "Hunt, Adam C"]
[Black "Hou, Yifan"]
[Result "1/2-1/2"]
[WhiteTitle "IM"]
[BlackTitle "GM"]
[WhiteElo "2454"]
[BlackElo "2639"]
[WhiteFideId "403970"]
[BlackFideId "8602980"]
[EventDate "2012.03.06"]

1. e4 c5 2. Nf3 d6 3. d4 cxd4 4. Nxd4 Nf6 5. Nc3 Nc6 6. Bc4 Bd7 7. Bb3 g6 8. f3
Nxd4 9. Qxd4 Bg7 10. Be3 O-O 11. Qd2 b5 12. a4 b4 13. Ne2 a5 14. O-O Qc7 15.
Rfd1 Rac8 16. Nd4 Rfd8 17. Qf2 Qb7 18. Ne2 Qa8 19. Bb6 Rf8 20. Be3 Bc6 21. Nd4
Bb7 22. Qh4 Ba6 23. Rd2 Bc4 24. Rad1 Rfe8 25. Bh6 Bxh6 26. Qxh6 Rc5 27. Qe3 Nd7
28. Bxc4 Rxc4 29. Nb5 Qb8 30. b3 Rc5 31. f4 Qc8 32. Qe2 Nf6 33. h3 Qe6 34. Re1
Nh5 35. Qf2 Rec8 36. Na7 Rf8 37. Nb5 Qc8 38. e5 dxe5 39. Na7 Qc7 40. Nb5 Qc6 41.
Na7 Qc7 42. Nb5 Qc6 43. Na7 Qc7 1/2-1/2

[Event "Reykjavik Open"]
[Site "Reykjavik ISL"]
[Date "2012.03.09"]
[Round "4.14"]
[White "Stefansson, Hannes"]
[Black "Thomassen, Joachim"]
[Result "1/2-1/2"]
[WhiteTitle "GM"]
[BlackTitle "IM"]
[WhiteElo "2531"]
[BlackElo "2400"]
[WhiteFideId "2300087"]
[BlackFideId "1504991"]
[EventDate "2012.03.06"]

1. d4 Nf6 2. c4 g6 3. Nf3 Bg7 4. g3 O-O 5. Bg2 d6 6. O-O Nc6 7. Nc3 a6 8. Qd3
Bd7 9. d5 Nb4 10. Qd1 a5 11. Be3 Na6 12. Qd2 Qc8 13. Bh6 Bh3 14. Bxg7 Kxg7 15.
e4 Bxg2 16. Kxg2 c6 17. b3 Nc5 18. Rae1 b5 19. e5 dxe5 20. Rxe5 b4 21. Ne2 cxd5
22. cxd5 Rd8 23. Rc1 Ra7 24. Rc4 Rc7 25. Rh4 h5 26. Qg5 Nd3 27. Nf4 Nxe5 28.
Qxe5 Qb7 29. g4 hxg4 30. Rxg4 Rd6 31. Rh4 Rc8 32. Qg5 Rh8 33. Nd4 Rxh4 34. Nf5+
Kf8 35. Nxd6 Qd7 36. Qxh4 Qxd6 37. Qh8+ Ng8 38. Qh4 Kg7 39. Qg5 Nf6 40. h4 Ne4
41. Qg4 Nf6 42. Qg5 Ne4 43. Qg4 Nf6 1/2-1/2

[Event "Reykjavik Open"]
[Site "Reykjavik ISL"]
[Date "2012.03.09"]
[Round "4.15"]
[White "Kveinys, Aloyzas"]
[Black "Aguera Naredo, Javier"]
[Result "1/2-1/2"]
[WhiteTitle "GM"]
[BlackTitle "FM"]
[WhiteElo "2512"]
[BlackElo "2358"]
[WhiteFideId "12800040"]
[BlackFideId "2204169"]
[EventDate "2012.03.06"]

1. d4 Nf6 2. Nf3 g6 3. c4 Bg7 4. g3 O-O 5. Bg2 d6 6. O-O c6 7. Nc3 Qa5 8. e4 e5
9. h3 Nbd7 10. Re1 exd4 11. Nxd4 Ne5 12. Bf1 Re8 13. Rb1 d5 14. b4 Qd8 15. exd5
cxd5 16. c5 Ne4 17. Bb2 Ng5 18. Kh2 Nc4 19. Rxe8+ Qxe8 20. Bxc4 dxc4 21. Nf3
Nxh3 22. Qd2 Bg4 23. Re1 Qd8 24. Nd5 c3 25. Bxc3 Bxc3 26. Re8+ Qxe8 27. Qxc3 Qe6
28. Nf6+ Kf8 29. Nxg4 Qxg4 30. Qh8+ Ke7 31. Qxa8 Qxf3 32. Kxh3 h5 33. Kh2 Qxf2+
34. Kh3 Qf3 35. Kh2 Qe2+ 36. Kg1 Qe1+ 37. Kg2 Qe4+ 38. Kh2 Qe2+ 39. Kg1 Qe1+ 40.
Kg2 Qxb4 41. Qxa7 Qe4+ 42. Kh2 g5 43. Qb8 Qc2+ 44. Kh3 Qf5+ 45. Kh2 Qd5 46. a4
g4 47. Qc7+ Ke6 48. a5 Qd2+ 49. Kg1 Qe1+ 1/2-1/2

[Event "Reykjavik Open"]
[Site "Reykjavik ISL"]
[Date "2012.03.09"]
[Round "4.16"]
[White "Arnold, Marc T"]
[Black "Vuilleumier, Alexandre"]
[Result "1/2-1/2"]
[WhiteTitle "IM"]
[BlackTitle "IM"]
[WhiteElo "2502"]
[BlackElo "2350"]
[WhiteFideId "2022320"]
[BlackFideId "1305662"]
[EventDate "2012.03.06"]

1. d4 Nf6 2. Nf3 e6 3. c4 d5 4. e3 b6 5. Nbd2 Bb7 6. b3 Be7 7. Bb2 O-O 8. Bd3 c5
9. O-O Nc6 10. Qe2 Rc8 11. Rac1 cxd4 12. exd4 Qd6 13. Rfd1 Qf4 14. a3 Rfd8 15.
h3 dxc4 16. bxc4 Bf8 17. Rc2 g6 18. Qe3 Qxe3 19. fxe3 Nd7 20. Nb3 a5 21. Kf2 a4
22. Nbd2 Na5 23. Be2 Nf6 24. Rc3 Nb3 25. Bd3 Nxd2 26. Nxd2 Rc7 27. Rc2 Be7 28.
Rb1 Nd7 29. Be4 Bxe4 30. Nxe4 Rdc8 31. Nd2 f6 32. Ke2 e5 33. Kd3 exd4 34. exd4
Rd8 35. Ke2 f5 36. Nf3 Re8 37. Kd3 Rd8 38. Ke2 Re8 39. Kd3 Rd8 40. Ke2 1/2-1/2

[Event "Reykjavik Open"]
[Site "Reykjavik ISL"]
[Date "2012.03.09"]
[Round "4.17"]
[White "Papin, Vasily"]
[Black "Cherednichenko, Svetlana"]
[Result "1-0"]
[WhiteTitle "GM"]
[BlackTitle "WGM"]
[WhiteElo "2575"]
[BlackElo "2279"]
[WhiteFideId "4143183"]
[BlackFideId "14105551"]
[EventDate "2012.03.06"]

1. d4 d6 2. g3 f5 3. Bg2 g6 4. Nc3 Nf6 5. Bg5 Bg7 6. Qd2 h6 7. Bxf6 Bxf6 8. e4
Nc6 9. Nge2 e5 10. dxe5 Nxe5 11. O-O-O O-O 12. f4 Nc6 13. h3 a5 14. exf5 Bxf5
15. Be4 Bg7 16. Bd5+ Kh8 17. g4 Bd7 18. Be4 b5 19. g5 Qe8 20. gxh6 Bxh6 21. Rhg1
Bf5 22. Bxf5 Rxf5 23. Nd5 Bg7 24. Ng3 Rxd5 25. Qxd5 Nb4 26. Qe4 Qg8 27. Ne2
Nxa2+ 28. Kb1 Nb4 29. Nc1 Re8 30. Qxg6 Qf8 31. Rg5 Kg8 32. Rdg1 Re7 33. Rh5 Qf7
34. Qh7+ Kf8 35. Rf5 Bf6 36. Rxf6 1-0

[Event "Reykjavik Open"]
[Site "Reykjavik ISL"]
[Date "2012.03.09"]
[Round "4.18"]
[White "Thompson, Ian D"]
[Black "Libiszewski, Fabien"]
[Result "0-1"]
[WhiteTitle "FM"]
[BlackTitle "GM"]
[WhiteElo "2255"]
[BlackElo "2523"]
[WhiteFideId "405205"]
[BlackFideId "616834"]
[EventDate "2012.03.06"]

1. c4 Nf6 2. Nc3 g6 3. g3 Bg7 4. Bg2 O-O 5. e4 d6 6. Nge2 c5 7. O-O Nc6 8. d3
Bg4 9. f3 Bd7 10. Be3 a6 11. Rb1 Ne8 12. d4 cxd4 13. Nxd4 b5 14. cxb5 Nxd4 15.
Bxd4 axb5 16. Rf2 b4 17. Nd5 Bxd4 18. Qxd4 Rxa2 19. Nxb4 Ra5 20. Nd5 Nc7 21.
Nxc7 Qxc7 22. b4 Rb8 23. Rfb2 Ra4 24. Qe3 Bb5 25. Rc1 Qd7 26. h4 h5 27. Kh2 Rba8
28. Qb6 R4a6 29. Qd4 Ra2 30. Rxa2 Rxa2 31. Ra1 Qe6 32. Rxa2 Qxa2 33. Kg1 Qb3 34.
Kh2 Qc2 35. Qa1 Qc4 36. Qb2 e6 37. f4 d5 38. exd5 exd5 39. f5 d4 40. fxg6 fxg6
41. Qd2 Kh7 42. Qf4 d3 43. Qd6 Qf7 44. g4 hxg4 45. h5 gxh5 46. Be4+ Kg7 47. Qe5+
Qf6 48. Qc7+ Kh6 49. Kg3 h4+ 50. Kxg4 Bd7+ 51. Qxd7 Qg5+ 52. Kf3 Qg3# 0-1

[Event "Reykjavik Open"]
[Site "Reykjavik ISL"]
[Date "2012.03.09"]
[Round "4.20"]
[White "Gretarsson, Hjorvar Steinn"]
[Black "Vaarala, Eric"]
[Result "1-0"]
[WhiteTitle "IM"]
[WhiteElo "2460"]
[BlackElo "2241"]
[WhiteFideId "2302241"]
[BlackFideId "1711962"]
[EventDate "2012.03.06"]

1. c4 e5 2. g3 Nf6 3. Bg2 d5 4. cxd5 Nxd5 5. Nf3 Nc6 6. O-O Be7 7. d4 exd4 8.
Nxd4 Nxd4 9. Qxd4 Nf6 10. Qa4+ c6 11. Rd1 Bd7 12. Nc3 Qc8 13. e4 O-O 14. Be3 Bh3
15. e5 Bxg2 16. exf6 Qh3 17. Ne2 g5 18. Bxg5 Bc5 19. Nf4 Qg4 20. Bh6 Bf3 21.
Bxf8 Bxd1 22. Qxd1 Qxd1+ 23. Rxd1 Rxf8 24. Rd7 b5 25. Nd3 Bb6 26. Ne5 c5 27. g4
h6 28. h4 c4 29. g5 hxg5 30. hxg5 Re8 31. Re7 1-0

[Event "Reykjavik Open"]
[Site "Reykjavik ISL"]
[Date "2012.03.09"]
[Round "4.21"]
[White "Haarr, Jon Kristian"]
[Black "Zumsande, Martin"]
[Result "1/2-1/2"]
[BlackTitle "IM"]
[WhiteElo "2226"]
[BlackElo "2439"]
[WhiteFideId "1505963"]
[BlackFideId "4651324"]
[EventDate "2012.03.06"]

1. e4 e6 2. d4 d5 3. exd5 exd5 4. c4 Nf6 5. Nc3 dxc4 6. Bxc4 Bd6 7. Qe2+ Qe7 8.
Qxe7+ Bxe7 9. Bf4 c6 10. a4 O-O 11. Nf3 Bg4 12. Ne5 Bh5 13. O-O Rd8 14. h3 Nd5
15. Bxd5 cxd5 16. g4 Bg6 17. Rfe1 Kf8 18. Nxg6+ hxg6 19. Re5 Nc6 20. Rxd5 Nxd4
21. Kg2 Ne6 22. Be3 Rxd5 23. Nxd5 Bc5 24. Nc7 Nxc7 25. Bxc5+ 1/2-1/2

[Event "Reykjavik Open"]
[Site "Reykjavik ISL"]
[Date "2012.03.09"]
[Round "4.22"]
[White "Kristiansen, Jens"]
[Black "Gikas, Andreas Basilius"]
[Result "1-0"]
[WhiteTitle "IM"]
[WhiteElo "2432"]
[BlackElo "2219"]
[WhiteFideId "1400061"]
[BlackFideId "4623509"]
[EventDate "2012.03.06"]

1. e4 c5 2. d3 e6 3. g3 Nc6 4. Bg2 d5 5. Nd2 Nf6 6. Ngf3 Be7 7. O-O O-O 8. Re1
Qc7 9. e5 Nd7 10. Qe2 Nb4 11. Nf1 d4 12. a3 Nd5 13. h4 a5 14. h5 Re8 15. h6 g6
16. Bg5 Bf8 17. N1h2 a4 18. Ng4 Ra5 19. Bd2 Rb5 20. Ng5 Ne7 21. Rab1 Nf5 22. Ne4
Be7 23. Bg5 Bxg5 24. Nxg5 Qb6 25. Ne4 Kh8 26. Qd2 Qd8 27. Ngf6 Nxf6 28. Nxf6 Rf8
29. g4 Nd6 30. Qf4 Ne8 31. Nxe8 Rxe8 32. Qxf7 Qe7 33. Qf6+ Qxf6 34. exf6 Rf8 35.
g5 c4 36. f4 cxd3 37. cxd3 Kg8 38. Re5 Rb3 39. Be4 b6 40. Rc1 Rxb2 41. Rc7 Bd7
42. Rxd7 Rc8 43. Bg2 Rc1+ 44. Bf1 Rbb1 45. Rxe6 Rxf1+ 46. Kg2 Rg1+ 47. Kf3 Rbe1
48. Rxe1 Rxe1 49. Rg7+ Kf8 50. Rxh7 Re3+ 51. Kf2 Rxd3 52. Rb7 1-0

[Event "Reykjavik Open"]
[Site "Reykjavik ISL"]
[Date "2012.03.09"]
[Round "4.23"]
[White "Hobber, Anders"]
[Black "Gunnarsson, Jon Viktor"]
[Result "1/2-1/2"]
[BlackTitle "IM"]
[WhiteElo "2224"]
[BlackElo "2424"]
[WhiteFideId "1505424"]
[BlackFideId "2300931"]
[EventDate "2012.03.06"]

1. d4 Nf6 2. Nf3 d6 3. Nc3 Nbd7 4. e4 e5 5. Bc4 Be7 6. g4 O-O 7. g5 Nh5 8. Rg1
g6 9. Be3 c6 10. a4 Re8 11. d5 Bf8 12. a5 Qc7 13. Qd2 c5 14. Kf1 a6 15. Na4 Nf4
16. b4 cxb4 17. Qxb4 Nc5 18. Nxc5 dxc5 19. Qc3 Bg7 20. Rg3 Nh5 21. Rg1 Qd7 22.
Rg3 Nxg3+ 23. fxg3 Qg4 24. Nd2 f5 25. gxf6 Rf8 26. Be2 Rxf6+ 27. Bf2 Qh3+ 28.
Kg1 Bg4 29. Bf1 Qh5 30. Be3 Bh6 31. Rb1 Raf8 32. Qd3 Bg5 33. Bg2 Be2 34. Qc3 Bb5
35. Re1 Bd7 36. Bxc5 1/2-1/2

[Event "Reykjavik Open"]
[Site "Reykjavik ISL"]
[Date "2012.03.09"]
[Round "4.25"]
[White "Dave, Dhyani"]
[Black "Thorfinnsson, Bjorn"]
[Result "0-1"]
[WhiteTitle "WFM"]
[BlackTitle "IM"]
[WhiteElo "2205"]
[BlackElo "2416"]
[WhiteFideId "5019834"]
[BlackFideId "2300982"]
[EventDate "2012.03.06"]

1. e4 c6 2. d4 d5 3. e5 Bf5 4. c3 e6 5. Be3 Ne7 6. Nd2 Nd7 7. f4 Qc7 8. Be2 c5
9. Ngf3 Nc6 10. O-O Be7 11. Kh1 Qb6 12. Qb3 c4 13. Qxb6 axb6 14. Ng1 h5 15. a3
b5 16. Rae1 Nb6 17. Ndf3 Na4 18. Bc1 Na5 19. Nd2 Kd7 20. Ngf3 Kc6 21. Rf2 Kb6
22. Bd1 Nc6 23. Nf1 g6 24. Ne3 Bd3 25. Ng5 Rhf8 26. Kg1 Kc7 27. Nf1 Nxb2 28.
Bxb2 Bxa3 29. Ba1 b4 30. Bc2 Bxc2 31. Rxc2 b3 32. Rce2 b5 33. Nf3 Ra4 34. Ne3
Rfa8 35. Rb1 b4 36. Nd1 Bc1 37. Bb2 Bxb2 38. Rexb2 Ra2 39. Ne1 Rxb2 40. Rxb2 Ra1
41. Rd2 bxc3 42. Nxc3 Rxe1+ 43. Kf2 Rc1 0-1

[Event "Reykjavik Open"]
[Site "Reykjavik ISL"]
[Date "2012.03.09"]
[Round "4.26"]
[White "Thorhallsson, Throstur"]
[Black "Loftsson, Hrafn"]
[Result "1-0"]
[WhiteTitle "GM"]
[WhiteElo "2398"]
[BlackElo "2202"]
[WhiteFideId "2300109"]
[BlackFideId "2300729"]
[EventDate "2012.03.06"]

1. e4 c5 2. Nf3 d6 3. d4 cxd4 4. Nxd4 Nf6 5. Nc3 Nc6 6. Bc4 Bd7 7. f4 g6 8. Nf3
Bg7 9. O-O O-O 10. Qe2 Bg4 11. Be3 a6 12. h3 Bxf3 13. Qxf3 Rc8 14. Rad1 Nd7 15.
Bb3 Na5 16. Bd4 Nc4 17. Bxg7 Kxg7 18. Bxc4 Rxc4 19. b3 Rc6 20. Qd3 Qa5 21. Nd5
Re8 22. Kh1 b5 23. Rf2 Kg8 24. f5 Ne5 25. Qe3 f6 26. fxg6 hxg6 27. Qh6 Kf7 28.
Qh7+ Ke6 29. Rxf6+ Kd7 30. Rf8 Rxf8 31. Qxe7+ Kc8 32. Qxf8+ Kb7 33. Qg7+ 1-0

[Event "Reykjavik Open"]
[Site "Reykjavik ISL"]
[Date "2012.03.09"]
[Round "4.27"]
[White "Bjornsson, Bjorn Freyr"]
[Black "L'Ami, Alina"]
[Result "0-1"]
[BlackTitle "WGM"]
[WhiteElo "2183"]
[BlackElo "2372"]
[WhiteFideId "2300834"]
[BlackFideId "1210246"]
[EventDate "2012.03.06"]

1. d4 Nf6 2. c4 g6 3. g3 Bg7 4. Bg2 O-O 5. Nf3 d6 6. Nc3 c6 7. O-O Bf5 8. Nh4
Be6 9. Qd3 d5 10. c5 b6 11. cxb6 axb6 12. Bg5 Qd7 13. Bxf6 Bxf6 14. Nf3 Bh3 15.
Bxh3 Qxh3 16. e4 dxe4 17. Nxe4 Bg7 18. Qb3 Ra5 19. Neg5 Qg4 20. h3 Qd7 21. Rad1
h6 22. Ne5 Qd5 23. Ngf3 Qxb3 24. axb3 Rd8 25. Ra1 Rad5 26. Ra7 c5 27. Rxe7 cxd4
28. Nd3 Rb5 29. b4 Nc6 30. Re2 Nxb4 31. Rd1 Na6 32. Ra1 Nc5 33. Nfe1 Rb3 34. Rd2
h5 35. Ra7 Bh6 36. Rd1 Re8 37. Kf1 Bg7 38. Rc7 Ne6 39. Rb7 Ra8 40. Rc1 Bf8 41.
Ke2 h4 42. gxh4 Bh6 43. Rc4 b5 44. Rc2 Nf4+ 45. Nxf4 Re8+ 46. Kd1 Bxf4 47. Rd7
Be5 48. Re2 Kf8 49. Kc2 Rxh3 50. Nd3 Rc8+ 51. Kd2 Bg7 52. Ree7 Rf3 53. Ke2 Rf5
54. f4 Re8 55. Rxe8+ Kxe8 56. Rb7 Bf6 57. Kf3 Bxh4 58. Ke4 Bg3 59. Rb8+ Ke7 60.
Rb7+ Kf8 61. Rd7 Ke8 62. Rxd4 Ke7 63. Kf3 Bh4 64. Ke4 Ke6 65. b4 Be7 66. Ne5 Bd6
67. Nd3 f6 68. Ke3 Rh5 69. Re4+ Kd5 70. Re8 Rh3+ 71. Ke2 Kc4 72. Re4+ Kc3 73.
Nf2 Rh2 74. Kf3 Bxb4 75. Ng4 Rh3+ 76. Kg2 Rd3 77. Nxf6 Bd6 78. Ng4 b4 79. Kf2
Rd2+ 80. Kf3 Bc5 0-1

[Event "Reykjavik Open"]
[Site "Reykjavik ISL"]
[Date "2012.03.09"]
[Round "4.28"]
[White "Arngrimsson, Dagur"]
[Black "Ornolfsson, Magnus P"]
[Result "1/2-1/2"]
[WhiteTitle "IM"]
[WhiteElo "2361"]
[BlackElo "2175"]
[WhiteFideId "2301288"]
[BlackFideId "2301016"]
[EventDate "2012.03.06"]

1. Nf3 Nf6 2. g3 d5 3. Bg2 e6 4. O-O Bd6 5. d3 O-O 6. Nbd2 c6 7. e4 e5 8. Re1
Re8 9. exd5 cxd5 10. c4 Nc6 11. cxd5 Nxd5 12. Nc4 Bg4 13. h3 Bh5 14. a3 Rc8 15.
g4 Bg6 16. Qb3 Bb8 17. Bg5 Nd4 18. Nxd4 Qxg5 19. Bxd5 exd4 20. Qb5 Kf8 21. Qb4+
Kg8 22. Qb5 Kf8 23. Rxe8+ Rxe8 24. Qc5+ Qe7 25. Qxd4 Qc7 26. Kf1 Qf4 27. Qxf4
Bxd3+ 28. Kg2 Bxf4 29. Rd1 Bxc4 30. Bxc4 Rc8 31. b3 Rc7 32. Kf3 Be5 33. Rd8+ Ke7
34. Rh8 h6 35. Ke4 Bb2 36. a4 Rd7 37. Ra8 b6 38. f4 Rd4+ 39. Kf3 Rd7 40. h4 Bd4
41. Bb5 Rc7 42. g5 f5 43. h5 Rc3+ 44. Ke2 hxg5 45. fxg5 f4 46. Rxa7+ Ke6 47. Rd7
Be5 48. Rb7 Bd4 49. h6 gxh6 50. gxh6 f3+ 51. Kd2 f2 52. Rxb6+ Kd5 53. Bc4+ Ke4
54. Re6+ Kf5 55. Re8 Rxc4 56. Rf8+ Bf6 57. h7 Rh4 58. Ke2 Rxh7 59. Kxf2 Rb7 60.
a5 Rxb3 61. a6 Ra3 62. Ra8 Ke4 63. Re8+ Be5 64. Ra8 Ra2+ 65. Ke1 Ke3 66. Kd1 Kd3
67. Ke1 Bd4 68. Kf1 Rf2+ 69. Ke1 Rg2 70. Rf8 Ra2 71. Kf1 Rxa6 72. Kg2 Rg6+ 73.
Kf3 Rg1 74. Rd8 Rf1+ 75. Kg2 Rf7 76. Kg3 Ke4 77. Re8+ Be5+ 78. Kg2 Rh7 79. Kg1
Rh5 80. Kg2 Rh2+ 81. Kf1 Kf3 82. Ke1 1/2-1/2

[Event "Reykjavik Open"]
[Site "Reykjavik ISL"]
[Date "2012.03.09"]
[Round "4.29"]
[White "Halldorsson, Bragi"]
[Black "Moen, Andreas"]
[Result "0-1"]
[BlackTitle "FM"]
[WhiteElo "2178"]
[BlackElo "2360"]
[WhiteFideId "2300907"]
[BlackFideId "1501453"]
[EventDate "2012.03.06"]

1. d4 d5 2. c4 c6 3. Nc3 Nf6 4. Nf3 e6 5. Bg5 h6 6. Bxf6 Qxf6 7. e3 Nd7 8. Bd3
g6 9. O-O Bg7 10. e4 dxc4 11. Bxc4 e5 12. d5 O-O 13. dxc6 bxc6 14. b4 Rd8 15.
Qc2 Bf8 16. Rab1 Nb6 17. Be2 Be6 18. Na4 Nxa4 19. Qxa4 Qf4 20. b5 cxb5 21. Bxb5
g5 22. Bc6 g4 23. Nh4 Rac8 24. g3 Qd2 25. Bd5 Bxd5 26. exd5 Qd4 27. Qa6 Qxd5 28.
Qxa7 Ra8 29. Qe3 Rxa2 30. Nf5 Qe6 31. Qe4 h5 32. Rb5 Re8 33. Re1 Bg7 34. Qb1 Qa6
35. Rb6 Qa7 36. Nd6 Rd8 37. Ne4 Ra1 38. Qxa1 Qxb6 39. Qc1 Qb4 40. Kg2 Kh7 41.
Re2 Qb5 42. Re1 f6 43. Qc2 Rd7 44. Qc8 Qb7 45. Qe8 Kh6 46. h3 Re7 47. Qg8 f5 48.
hxg4 fxe4 49. Rh1 e3+ 50. f3 Qb2+ 51. Kh3 Qf2 52. Qd5 e2 53. Qd6+ Kh7 54. Qxe7
Qxf3 55. Rb1 Qf1+ 56. Rxf1 exf1=Q+ 57. Kh2 Qe2+ 0-1

[Event "Reykjavik Open"]
[Site "Reykjavik ISL"]
[Date "2012.03.09"]
[Round "4.30"]
[White "Bergsson, Stefan"]
[Black "Kjartansson, Gudmundur"]
[Result "0-1"]
[BlackTitle "IM"]
[WhiteElo "2171"]
[BlackElo "2357"]
[WhiteFideId "2301393"]
[BlackFideId "2301318"]
[EventDate "2012.03.06"]

1. e4 c6 2. d4 d5 3. e5 Bf5 4. Nc3 e6 5. g4 Bg6 6. Nge2 f6 7. f4 fxe5 8. fxe5
Be7 9. Be3 Bh4+ 10. Kd2 Nh6 11. Nf4 Qe7 12. Bd3 Bxd3 13. cxd3 O-O 14. Qg1 c5 15.
Rf1 Nc6 16. Nce2 cxd4 17. Bxd4 Nxd4 18. Nxd4 Rxf4 19. Rxf4 Bg5 20. Qg3 Bxf4+ 21.
Qxf4 Rf8 22. Qg3 Qb4+ 23. Ke3 Qxb2 24. h4 Nxg4+ 0-1

[Event "Reykjavik Open"]
[Site "Reykjavik ISL"]
[Date "2012.03.09"]
[Round "4.31"]
[White "Lasinskas, Povilas"]
[Black "Kiewra, Keaton F"]
[Result "0-1"]
[WhiteTitle "FM"]
[BlackTitle "FM"]
[WhiteElo "2170"]
[BlackElo "2355"]
[WhiteFideId "12800503"]
[BlackFideId "2019280"]
[EventDate "2012.03.06"]

1. d4 Nf6 2. c4 g6 3. Nc3 Bg7 4. e4 d6 5. f3 O-O 6. Bg5 c5 7. d5 e6 8. Qd2 exd5
9. cxd5 Re8 10. Nge2 a6 11. a4 Nbd7 12. Ng3 Rb8 13. Be2 Qc7 14. O-O c4 15. Rae1
b5 16. axb5 axb5 17. Nd1 Nc5 18. Nf2 h5 19. Bd1 b4 20. f4 Ba6 21. e5 Nh7 22.
exd6 Qxd6 23. Rxe8+ Rxe8 24. Re1 Rxe1+ 25. Qxe1 Nxg5 26. fxg5 Bxb2 27. Qxb4 Bd4
28. Qe1 Qxd5 29. Bf3 Qxg5 0-1

[Event "Reykjavik Open"]
[Site "Reykjavik ISL"]
[Date "2012.03.09"]
[Round "4.32"]
[White "Marzano, Carlo"]
[Black "Sigfusson, Sigurdur"]
[Result "1/2-1/2"]
[BlackTitle "FM"]
[WhiteElo "2164"]
[BlackElo "2346"]
[WhiteFideId "802980"]
[BlackFideId "2300168"]
[EventDate "2012.03.06"]

1. e4 e5 2. Nf3 Nc6 3. Bb5 a6 4. Ba4 Nf6 5. O-O Be7 6. d4 exd4 7. e5 Ne4 8. Nxd4
Nxd4 9. Qxd4 Nc5 10. Nc3 O-O 11. Nd5 Nxa4 12. Qxa4 Bc5 13. Bf4 b5 14. Qe4 c6 15.
Nc3 f5 16. exf6 Qxf6 17. Be3 Bd6 18. Rad1 Be5 19. Bd4 Bxd4 20. Qxd4 Qxd4 21.
Rxd4 d5 22. Re1 Bf5 23. Rd2 Rae8 24. Kf1 Be6 25. Re3 d4 26. Rxd4 Bc4+ 27. Ke1
Rxe3+ 28. fxe3 Rf1+ 29. Kd2 Rf2+ 30. Kc1 Rxg2 31. Rd2 Rg4 32. b3 b4 33. Ne2 Bxe2
34. Rxe2 Kf7 35. Kd2 h5 36. Rf2+ Ke6 37. Ke2 h4 38. Kf3 Rg5 39. Ke4 h3 40. Rf3
Rg2 41. Rxh3 Rxc2 42. Rg3 Kf6 43. Rf3+ Ke6 44. Rg3 1/2-1/2